书目信息 |
| 题名: |
外国古代、近代战争 一
|
|
| 作者: | 李庆山 主编 | |
| 分册: | ||
| 出版信息: | 北京 中共党史出版社 2006.09 |
|
| 页数: | 155页 | |
| 开本: | 19cm | |
| 丛书名: | 中外军事博览 | |
| 单 册: | ||
| 中图分类: | E19 | |
| 科图分类: | ||
| 主题词: | 军事--世界 | |
| 电子资源: | ||
| ISBN: | 7-80199-304-7 | |
| 000 | 00780nam0 2200241 450 | |
| 001 | 0851421958 | |
| 005 | 20080331090137.43 | |
| 010 | @a7-80199-304-7@dCNY23.50 | |
| 100 | @a20080103d2006 km y0chiy0120 ea | |
| 101 | 0 | @achi |
| 200 | 1 | @a外国古代、近代战争 一@Awai guo gu dai、jin dai zhan zheng yi@f李庆山主编@Fli qing shan zhu bian |
| 210 | @a北京@c中共党史出版社@d2006.09 | |
| 215 | @a155页@d19cm | |
| 225 | 2 | @a中外军事博览 |
| 410 | 0 | @12001 @a中外军事博览 |
| 410 | 0 | @12001 @a外国古代、近代战争卷 |
| 517 | 1 | @a@A@a外国古代、近代战争卷@Awai guo gu dai、jin dai zhan zheng juan |
| 606 | 0 | @a军事@x世界 |
| 690 | @aE19@v4 | |
| 701 | 0 | @a李庆山@Ali qing shan@4主编 |
| 801 | 0 | @aCN@b大连网信软件有限公司图书馆@c20080331 |
| 905 | @aBZT@dE19@e1-1 | |
| 906 | @dCNY23.50@n0@r1 | |
| 外国古代、近代战争 一/李庆山主编.-北京:中共党史出版社,2006.09 |
| 155页;19cm.-(中外军事博览) |
| ISBN 7-80199-304-7:CNY23.50 |
| ● |
| 相关链接 |
|
|
|
正题名:外国古代、近代战争 一
索取号:E19/1-1
 
预约/预借
| 序号 | 登录号 | 条形码 | 馆藏地/架位号 | 状态 | 备注 |
| 1 | 617105 | 2000617105 | 中心书库北库/ 北库004架A面5列1层76/ [索取号:E19/1-1] | 在馆 | |
| 2 | 617106 | 2000617106 | 中心书库北库/ 北库004架A面5列1层37/ [索取号:E19/1-1] | 在馆 | |
| 3 | 617107 | 2000617107 | 中心书库北库/ 北库004架A面5列1层52/ [索取号:E19/1-1] | 在馆 | |
| 4 | 617108 | 2000617108 | 中心书库北库/ 北库004架A面5列1层72/ [索取号:E19/1-1] | 在馆 | |
| 5 | 617109 | 2000617109 | 中心书库北库/ 北库004架A面5列1层70/ [索取号:E19/1-1] | 在馆 | |
| 6 | 617110 | 2000617110 | 中心书库北库/ 北库004架A面5列1层23/ [索取号:E19/1-1] | 在馆 | |
| 7 | 617111 | 2000617111 | 中心书库北库/ 北库004架A面5列1层11/ [索取号:E19/1-1] | 在馆 | |
| 8 | 617112 | 2000617112 | 中心书库北库/ 北库004架A面5列1层22/ [索取号:E19/1-1] | 在馆 | |
| 9 | 617113 | 2000617113 | 中心书库北库/ 北库004架A面5列1层24/ [索取号:E19/1-1] | 在馆 | |
| 10 | 617114 | 2000617114 | 中心书库北库/ 北库004架A面5列1层62/ [索取号:E19/1-1] | 在馆 |